Countries of the United States Quiz Stats

Quiz Updated Dec 24, 2017

Challenge
Share
Tweet
Embed
Score 0/10 Timer 04:00
7 Plays Today
Country % Correct
France
98.6%
Spain
97.6%
United Kingdom
97%
Mexico
96.9%
Russia
95.9%
Netherlands
88.7%
Germany
73%
Japan
71.9%
Denmark
55.7%
Sweden
51.8%

You're not logged in!

Compare scores with friends on all Sporcle quizzes.
Join for Free
OR
Log In

You Might Also Like...

Show Comments

Extras

Top Quizzes Today


Score Distribution

Your Account Isn't Verified!

In order to create a playlist on Sporcle, you need to verify the email address you used during registration. Go to your Sporcle Settings to finish the process.

Report this User

Report this user for behavior that violates our Community Guidelines.

Details: